Antología poética / (Record no. 69096)

MARC details
000 -LEADER
campo de control de longitud fija 00714nam a2200229 i 4500
001 - NÚMERO DE CONTROL
campo de control 69096
003 - IDENTIFICADOR DE NÚMERO DE CONTROL
campo de control ES-MaACL
005 - FECHA Y HORA DE LA ÚLTIMA TRANSACCIÓN
campo de control 20260525062928.0
007 - CAMPO FIJO DE DESCRIPCIÓN FÍSICA--INFORMACIÓN GENERAL
campo de control de longitud fija t|
008 - DATOS DE LONGITUD FIJA--INFORMACIÓN GENERAL
campo de control de longitud fija 040909s2004 sp ||||1| spa d
020 ## - NÚMERO INTERNACIONAL ESTÁNDAR DEL LIBRO
Número Internacional Estándar del Libro 84-1670-1421-0
080 ## - NÚMERO DE LA CLASIFICACIÓN DECIMAL UNIVERSAL
Número de la Clasificación Decimal Universal 821.134.2-14"19"
100 1# - ENTRADA PRINCIPAL--NOMBRE DE PERSONA
Nombre de persona Rodríguez, Claudio,
Fechas asociadas al nombre 1934-1999
9 (RLIN) 98224
245 10 - MENCIÓN DEL TÍTULO
Título Antología poética /
Mención de responsabilidad, etc. Claudio Rodríguez ; edición Angel Rupérez.
260 ## - PUBLICACIÓN, DISTRIBUCIÓN, ETC.
Lugar de publicación, distribución, etc. Pozuelo de Alarcón (Madrid) :
Nombre del editor, distribuidor, etc. Espasa Calpe,
Fecha de publicación, distribución, etc. [2004]
300 ## - DESCRIPCIÓN FÍSICA
Extensión 233 p. ;
Dimensiones 18 cm.
490 1# - MENCIÓN DE SERIE
Mención de serie Colección austral ;
Designación de volumen o secuencia 549
700 1# - ENTRADA AGREGADA--NOMBRE PERSONAL
Nombre de persona Rupérez, Angel.
9 (RLIN) 101001
830 0# - PUNTO DE ACCESO ADICIONAL DE SERIE-TÍTULO UNIFORME
Título uniforme Colección austral
Designación de volumen o secuencia 549
9 (RLIN) 177655
852 ## - LOCALIZACIÓN
Ubicación ES-MaACL
Número de control de estantería L-28100
Sublocalización o colección R.133986
Holdings
Estatus retirado Estado de pérdida Estado de daño No para préstamo Biblioteca de origen Biblioteca actual Ubicación en estantería Fecha de adquisición Fuente de adquisición Total de préstamos Signatura topográfica completa Código de barras Visto por última vez Precio de reemplazo Tipo de ítem Koha
        Biblioteca del Ateneo de Madrid Biblioteca del Ateneo de Madrid Depósito 2 17/01/2008     L-28100 1072355 23/02/2023 23/02/2023 Libro impreso